000 00728nam a2200253 a 4500
999 _c873
_d873
008 191106r20112012ii a|||g |||| 001 0 eng d
020 _a9788187433545
_cRs. 615.00
040 _aKO
_beng
041 0 _aeng
044 _aii
082 0 4 _223
_a620.112
_bR1413
100 1 _aRamamrutham, S.
245 1 0 _aStrength of Materials /
_cS. Ramamrutham, R. Narayanan
250 _a17th ed.
260 _aNew Delhi :
_bDhanpat Rai Publishing Company (P) Ltd,
_c2011, reprinted 2012
300 _a1279 p. :
_bill.c ;
_c28 cm.
504 _aIncludes index.
650 0 _aStrains and stresses
_vTextbooks
650 0 _aJoints (Engineering)
_vTextbooks
700 1 _aNarayanan, R.
_eaut
904 _aS_JOY
942 _cBK